00818naa#a2200229#i#4500001001600000005001700016011001400033100004100047101000800088102000700096200012400103210004800227215001100275608002700286675011000313700002700423700003700450700003200487700002600519700002300545856002000568EN\\bibl\12569720260630034557.2##a2077-7566##a20260629b2026####ek#y0engy0150####ca0#aRUS##aRU1#aPROCESSING METHODS FOR THREE-DIMENSIONALLY PRINTED SURGICAL GUIDES IN DENTISTRY: A SYSTEMATIZED REVIEWeJournal article1#aEkaterinburgcTIRAZH Publishing Housed2026##a12 с.##aJournal article2local##aСтоматология. Заболевания ротовой полости и зубов. 616.31zRUS#1aMamedovgSakit K. ogly#1aMuraevgAleksandr Aleksandrovich#1aGuseynovgNidjat Aydin ogli#1aErtuvkhanovgMarat Z.#1aNoskovgMikhail F.4#adental-press.ru